000 00611nam a2200169 a 4500
008 120416s1991 ||||||||||||||||| || u
020 _a0314828826
050 _aHF 5415.2 Jar
100 _aJarboe, Glen R
245 1 4 _aThe marketing research project manual
260 _aSt. Paul:
_bWest Publishing
_c1991
300 _aviii, 175p.: ill.
350 _a0.00
650 _aMARKET SURVEYS
650 _aMARKETING RESEARCH--METHODOLOGY--HANDBOOKS, MANUALS, ETC
995 _D0.00
_FCBU-MAIN LIBRARY (Kitwe)
_H1
_I25.00
_UDAMAGED
_ZMain Library Open Access Collection
999 _c50508
_d50508